| 000 | 02224nam0a22004091 4500 | ||
|---|---|---|---|
| 001 | v19\rc\1299493 | ||
| 005 | 20260406161529.0 | ||
| 035 | _a(NLR Aleph) 004445302 | ||
| 090 |
_a4442715 _c4442715 |
||
| 100 | _a20060306e18661865|||y0rusy50 ca | ||
| 101 | 1 |
_arus _cfre |
|
| 102 | _aRU | ||
| 105 | _ay z ||||| | ||
| 200 | 1 |
_aЗаписки о России при Петре Великом, извлеченные из бумаг графа Бассевича, который жил в России, состоя при особе голштинского герцога Карла Фридриха, женившегося на дочери Петра Великого Анне Петровне _f[Предисл.: П. Б.] _gПер. с фр. И.Ф. Аммона |
|
| 210 |
_aМосква _cтип. Грачева и К° _d1866 |
||
| 215 |
_a[2] с., 186 стб. _d25 |
||
| 300 | _aЗагл. на кол.: Записки графа Бассевича, служащие к пояснению некоторых событий из времени царствования Петра Великого (1713-1725) | ||
| 311 | _aИз "Рус. арх." 1865 г. | ||
| 488 | 0 |
_12001#$aРусский архив$v1865 _tРусский архив |
|
| 517 | 0 | _aЗаписки графа Бассевича, служащие к пояснению некоторых событий из времени царствования Петра Великого (1713-1725) | |
| 700 | 1 |
_aБассевич _bГ. Ф. _f1680-1749 _gГеннинг Фридрих |
|
| 702 | 1 |
_aАммон _bИ. Ф. _f1822-1874 _gИван Федорович _4730 |
|
| 702 | 1 |
_4080 _7ca _8rus _aБартенев _bП. И. _f1829-1912 _gПетр Иванович _964323 _3RU\NLR\AUTH\7781395 |
|
| 702 | 0 |
_4570 _7ca _8rus _aПетр _cимператор российский _dI _f1672-1725 _9118743 _3RU\NLR\AUTH\778862 |
|
| 801 | 0 |
_aRU _bNLR _gpsbo |
|
| 801 | 0 |
_aRU _bRuMoRGB _2psbo |
|
| 801 | 1 |
_aRU _bProSoft-M _2rusmarc |
|
| 852 |
_aNLR _j37.16.5.23 |
||
| 852 |
_aNLR _jИр30/Б-7/16 |
||
| 852 |
_aNLR _j18.19.1.7 |
||
| 899 |
_aRuMoRGB _jO 54/279 |
||
| 899 | _aБАН | ||
| 899 | _aНБ СПбГУ | ||
| 899 | _aГПИБ | ||
| 942 | _cBOOK | ||
| 980 | _aNB | ||